[Event "Ct. Girona indiv. Absolut"]
[Site "?"]
[Date "2011.10.23"]
[Round "4"]
[White "Volkov, V."]
[Black "Colls Bosch, E."]
[Result "0-1"]
[WhiteElo "1790"]
[BlackElo "2063"]
[PlyCount "84"]
[EventDate "2011.??.??"]
[EventType "swiss"]

1. Nf3 Nf6 2. g3 b6 3. Bg2 Bb7 4. c4 e6 5. O-O Be7 6. Nc3 O-O 7. b3 c5 8. Bb2
d6 9. d4 cxd4 10. Nxd4 Bxg2 11. Kxg2 Qd7 12. e4 Nc6 13. f4 a6 14. Kg1 Rac8 15.
Na4 Qb7 16. Re1 b5 17. Nxc6 Rxc6 18. cxb5 axb5 19. Nc3 Rfc8 20. Qd3 Qb6+ 21.
Kg2 Ng4 22. Qf3 b4 23. Nd1 Rc2+ 24. Re2 Qa6 25. Qxg4 Qxe2+ 26. Qxe2 Rxe2+ 27.
Kf3 Rcc2 28. Rb1 Rcd2 29. Bc1 Rxa2 30. Rb2 Raxb2 31. Nxb2 Rxh2 32. Nd3 Rc2 33.
Ke3 Rc3 34. Bd2 Rxb3 35. Bxb4 Kf8 36. g4 d5 37. Bxe7+ Kxe7 38. exd5 exd5 39.
Kd4 Rxd3+ 40. Kxd3 f5 41. g5 h5 42. gxh6 gxh6 0-1

[Event "Ct. Girona indiv. Absolut"]
[Site "?"]
[Date "2011.11.06"]
[Round "5"]
[White "Carramiñana Puig, J."]
[Black "Pinsach Gelabert, A."]
[Result "0-1"]
[WhiteElo "1805"]
[BlackElo "1906"]
[PlyCount "40"]
[EventDate "2011.??.??"]
[EventType "swiss"]

1. d4 d5 2. c4 e6 3. Nc3 c5 4. e3 Nf6 5. Nf3 Nc6 6. a3 cxd4 7. exd4 Be7 8. Be2
dxc4 9. Bxc4 O-O 10. O-O b6 11. Re1 Bb7 12. Bf4 Na5 13. Be2 Nd5 14. Bd2 Bf6 15.
Ne4 Nf4 16. Nxf6+ Qxf6 17. Bf1 Nh3+ 18. gxh3 Bxf3 19. Qc2 Nb3 20. Re5 Nxd4 0-1

[Event "Ct. Girona indiv. Absolut"]
[Site "?"]
[Date "2011.11.06"]
[Round "5"]
[White "Colls Bosch, E."]
[Black "Castrillon Otero, J."]
[Result "0-1"]
[WhiteElo "2063"]
[BlackElo "1848"]
[PlyCount "131"]
[EventDate "2011.??.??"]
[EventType "swiss"]

1. e4 e5 2. Nc3 Nf6 3. g3 d5 4. exd5 Nxd5 5. Bg2 Nxc3 6. bxc3 Nc6 7. Ne2 Bc5 8.
d3 O-O 9. O-O Be6 10. Be3 Bxe3 11. fxe3 Qg5 12. e4 Rad8 13. Qc1 Qg4 14. Qe3 b6
15. Kh1 Ne7 16. Ng1 Qg6 17. Nf3 f6 18. a4 a5 19. c4 c5 20. Nd2 Qe8 21. Nb1 Bd7
22. Nc3 Rb8 23. Nb5 Bxb5 24. cxb5 Qd7 25. Rfd1 Qd4 26. Qd2 Rfd8 27. Bh3 Kh8 28.
c3 Qd6 29. Qb2 g6 30. Rd2 f5 31. Rad1 Qc7 32. exf5 Nxf5 33. Re1 Re8 34. Rf2 Qd7
35. g4 Nh4 36. Qe2 Rbd8 37. Bf1 g5 38. Qe3 h6 39. Be2 Qd5+ 40. Kg1 e4 41. c4
Qd4 42. Qxd4+ cxd4 43. Bd1 exd3 44. Kf1 Kg7 45. Bb3 Re3 46. Rd1 Nf3 47. Kg2 Ne5
48. h3 Rf8 49. Rxf8 Kxf8 50. Rf1+ Ke7 51. c5 bxc5 52. b6 Kd6 53. Rf6+ Kd7 54.
Rxh6 c4 55. b7 Kc7 56. Bxc4 Nxc4 57. Rc6+ Kxb7 58. Rxc4 Re4 59. Rc1 d2 60. Rd1
Re2+ 61. Kg3 Kc6 62. h4 gxh4+ 63. Kxh4 Kc5 64. g5 Kc4 65. g6 Kd3 66. Kg3 0-1

[Event "Ct. Girona indiv. Absolut"]
[Site "?"]
[Date "2011.11.06"]
[Round "5"]
[White "Colls Gelaberto, E."]
[Black "Lillo Castany, V."]
[Result "0-1"]
[WhiteElo "2184"]
[BlackElo "2286"]
[PlyCount "132"]
[EventDate "2011.??.??"]
[EventType "swiss"]

1. Nf3 Nf6 2. c4 g6 3. Nc3 Bg7 4. e4 d6 5. d4 O-O 6. Be2 Nbd7 7. O-O e5 8. Be3
Re8 9. d5 Nh5 10. g3 Bf8 11. Ne1 Ng7 12. Nd3 f5 13. f3 Be7 14. b4 Rf8 15. c5 f4
16. Bf2 fxg3 17. hxg3 Nf6 18. Kg2 h5 19. Rh1 g5 20. Be3 Nh7 21. cxd6 cxd6 22.
Rc1 Qe8 23. Nb2 Qg6 24. Qd3 g4 25. fxg4 Bxg4 26. Bxg4 Qxg4 27. Qe2 Qg6 28. Nbd1
h4 29. Rh3 Nh5 30. g4 Nf4+ 31. Bxf4 Rxf4 32. Ne3 Nf6 33. Rxh4 Nxe4 34. Rh3 Rf2+
35. Qxf2 Nxf2 36. Kxf2 Qd3 37. Rch1 Bf6 38. Ne2 Qd2 39. Nf5 Rd8 40. Rh6 Qxd5
41. R1h5 Kf7 42. Rh7+ Ke8 43. Ng7+ Bxg7 44. Rxg7 Kf8 45. Rhh7 e4 46. Nf4 Qd2+
47. Ne2 e3+ 48. Kf3 Qd5+ 49. Kg3 Qe5+ 50. Nf4 e2 51. Rf7+ Kg8 52. Rhg7+ Qxg7
53. Rxg7+ Kxg7 54. Nxe2 Rc8 55. Nd4 Rc4 56. Nf5+ Kf6 57. a3 d5 58. Ne3 Rd4 59.
Nf5 Rd3+ 60. Kf4 Rxa3 61. g5+ Kf7 62. Nd4 Ra4 63. Kf5 Rxb4 64. g6+ Kg8 65. Ne6
Rb1 66. g7 a5 0-1

[Event "Ct. Girona indiv. Absolut"]
[Site "?"]
[Date "2011.11.06"]
[Round "5"]
[White "Colomer Camarasa, J."]
[Black "Salagran Ferragut, G."]
[Result "1/2-1/2"]
[WhiteElo "1921"]
[BlackElo "1825"]
[PlyCount "72"]
[EventDate "2011.??.??"]
[EventType "swiss"]

1. c4 Nf6 2. Nc3 b6 3. Nf3 c5 4. g3 Bb7 5. Bg2 e6 6. O-O Be7 7. d4 cxd4 8. Nxd4
Bxg2 9. Kxg2 O-O 10. e4 d6 11. b3 a6 12. Qf3 Qc7 13. e5 dxe5 14. Nxe6 e4 15.
Nxc7 exf3+ 16. Kxf3 Ra7 17. N7d5 Bd8 18. Be3 Nbd7 19. Rad1 Rb7 20. Nxf6+ Nxf6
21. Nd5 Nd7 22. Bf4 f6 23. Bd6 Re8 24. Rfe1 Rxe1 25. Rxe1 Kf7 26. Kg2 Nf8 27.
f4 Ne6 28. f5 Nd4 29. g4 Rd7 30. Bg3 b5 31. Re4 Nc2 32. Re6 bxc4 33. bxc4 Na3
34. Rd6 Rxd6 35. Bxd6 Nxc4 36. Bb4 a5 1/2-1/2

[Event "Ct. Girona indiv. Absolut"]
[Site "?"]
[Date "2011.11.06"]
[Round "5"]
[White "Gallart Vila, J."]
[Black "Ramirez Garcia, L."]
[Result "1-0"]
[WhiteElo "1755"]
[BlackElo "1890"]
[PlyCount "65"]
[EventDate "2011.??.??"]
[EventType "swiss"]

1. e4 e5 2. Nf3 Nc6 3. Bc4 Nf6 4. Ng5 d5 5. exd5 Na5 6. Bb5+ c6 7. dxc6 bxc6 8.
Ba4 h6 9. Nf3 e4 10. Ng1 Bd6 11. Ne2 O-O 12. d3 Qc7 13. Nbc3 exd3 14. Qxd3 Rd8
15. Qd4 Be5 16. Qh4 Be6 17. Bd2 Nc4 18. Bc1 Rab8 19. Bb3 Nb6 20. Bxe6 fxe6 21.
O-O Nbd5 22. Nxd5 exd5 23. c3 Ne4 24. f3 Rf8 25. f4 Bf6 26. Qg4 Qb6+ 27. Nd4
Bxd4+ 28. cxd4 Qxd4+ 29. Kh1 Nf2+ 30. Rxf2 Qxf2 31. Qe6+ Kh8 32. Be3 Rxb2 33.
Bxf2 1-0

[Event "Ct. Girona indiv. Absolut"]
[Site "?"]
[Date "2011.11.06"]
[Round "5"]
[White "Garcia Castany Musellas, G."]
[Black "Cano Egea, G."]
[Result "1-0"]
[WhiteElo "2037"]
[BlackElo "1845"]
[PlyCount "49"]
[EventDate "2011.??.??"]
[EventType "swiss"]

1. e4 e5 2. Nf3 Nc6 3. Bc4 Nf6 4. Ng5 d5 5. exd5 Na5 6. Bb5+ c6 7. dxc6 bxc6 8.
Bd3 Nd5 9. Nf3 Bd6 10. O-O O-O 11. Re1 Re8 12. Nc3 f5 13. Nxd5 cxd5 14. Bf1 Nc6
15. d3 Qf6 16. c3 Rf8 17. b4 e4 18. dxe4 dxe4 19. Qd5+ Kh8 20. Bg5 Qg6 21. Red1
Bc7 22. Ne1 Bb7 23. Bh4 Qh5 24. Bg3 f4 25. Qxh5 1-0

[Event "Ct. Girona indiv. Absolut"]
[Site "?"]
[Date "2011.11.06"]
[Round "5"]
[White "Gonzalez Escudero, J."]
[Black "Huici Bentue, D."]
[Result "0-1"]
[WhiteElo "1769"]
[BlackElo "2070"]
[PlyCount "44"]
[EventDate "2011.??.??"]
[EventType "swiss"]

1. e4 c5 2. Nf3 d6 3. d4 cxd4 4. Nxd4 Nf6 5. Nc3 a6 6. Bc4 e6 7. O-O b5 8. Bb3
Bb7 9. Qe2 Nbd7 10. f4 Nc5 11. e5 b4 12. Na4 dxe5 13. Nf3 Nxb3 14. axb3 e4 15.
Ne5 Bd6 16. Be3 O-O 17. Rfd1 Nd5 18. Nc4 Bc7 19. Nc5 Qc8 20. Na5 Nxe3 21. Naxb7
Nxd1 22. Rxd1 Bb6 0-1

[Event "Ct. Girona indiv. Absolut"]
[Site "?"]
[Date "2011.11.06"]
[Round "5"]
[White "Mirasol Obrador, M."]
[Black "Caballero Maytin, J."]
[Result "1/2-1/2"]
[WhiteElo "1818"]
[BlackElo "2003"]
[PlyCount "117"]
[EventDate "2011.??.??"]
[EventType "swiss"]

1. d4 Nf6 2. c4 e6 3. Nf3 b6 4. Nc3 Bb4 5. Bd2 Bb7 6. e3 Bxc3 7. Bxc3 Ne4 8.
Rc1 Nxc3 9. Rxc3 O-O 10. Be2 d6 11. O-O Nd7 12. Nd2 Rc8 13. Bf3 c6 14. Qa4 a5
15. Qa3 Nf6 16. Rfc1 d5 17. b3 c5 18. cxd5 Nxd5 19. Bxd5 Qxd5 20. Nf3 g5 21.
dxc5 g4 22. Ne1 Rfd8 23. Qb2 bxc5 24. Rc4 f5 25. Qf6 Rd7 26. Qc3 Qd2 27. Qf6
Bd5 28. R4c2 Qb4 29. Nd3 Qe4 30. Ne1 Bb7 31. Qc3 a4 32. bxa4 Qxa4 33. Qe5 Qe4
34. Qc3 c4 35. Qf6 Bd5 36. Rc3 Rf8 37. Qh6 Rg7 38. Qf4 Qxf4 39. exf4 Ra8 40. a3
Rb7 41. Nc2 Rb3 42. Re3 Be4 43. Nd4 Rxe3 44. fxe3 Rxa3 45. Rxc4 Bd5 46. Rc5
Ra1+ 47. Kf2 Ra2+ 48. Ke1 Ra1+ 49. Kf2 Ra2+ 50. Ke1 Rxg2 51. Nxf5 Bf3 52. Nd4
Rxh2 53. Nxe6 Re2+ 54. Kf1 Rxe3 55. Rg5+ Kf7 56. Nd4 h6 57. Rh5 Kg6 58. Rxh6+
Kxh6 59. Nf5+ 1/2-1/2

[Event "Ct. Girona indiv. Absolut"]
[Site "?"]
[Date "2011.11.06"]
[Round "5"]
[White "Mundet Riera, J."]
[Black "Vidal Zamora, A."]
[Result "1/2-1/2"]
[WhiteElo "2136"]
[BlackElo "2137"]
[PlyCount "65"]
[EventDate "2011.??.??"]
[EventType "swiss"]

1. e4 c5 2. Nf3 e6 3. d4 cxd4 4. Nxd4 a6 5. Bd3 Bc5 6. Nb3 Ba7 7. Qg4 Nf6 8.
Qg3 d6 9. O-O Nc6 10. Nc3 Ne5 11. Kh1 O-O 12. Be2 Kh8 13. f4 Ng6 14. a4 Bd7 15.
Be3 Bxe3 16. Qxe3 Qc7 17. Rad1 Bc6 18. Nd2 Rad8 19. f5 Ne5 20. fxe6 fxe6 21.
Qh3 d5 22. exd5 exd5 23. Nb3 Ne4 24. Nxe4 dxe4 25. Nc5 Rxf1+ 26. Rxf1 Qe7 27.
Qe3 Nd7 28. Nxd7 Qxd7 29. b3 h6 30. Bh5 Qd4 31. Qxd4 Rxd4 32. Bg6 Kg8 33. Kg1
1/2-1/2

[Event "Ct. Girona indiv. Absolut"]
[Site "?"]
[Date "2011.11.06"]
[Round "5"]
[White "Oliva Llorens, A."]
[Black "Triadu Cassa, J."]
[Result "0-1"]
[WhiteElo "1948"]
[BlackElo "2111"]
[PlyCount "90"]
[EventDate "2011.??.??"]
[EventType "swiss"]

1. e4 e5 2. Nf3 Nc6 3. d4 exd4 4. Nxd4 Nf6 5. Nxc6 bxc6 6. e5 Qe7 7. Qe2 Nd5 8.
c4 Nb6 9. Nc3 Qe6 10. Qe4 g6 11. f4 Bg7 12. Bd3 O-O 13. O-O d5 14. cxd5 cxd5
15. Qb4 Nd7 16. Nb5 Qb6+ 17. Qd4 c5 18. Qf2 Ba6 19. a4 c4 20. Be3 Qb8 21. Bc2
Bxb5 22. axb5 Qxb5 23. Ba4 Qb7 24. Bxd7 Qxd7 25. Rxa7 Rxa7 26. Bxa7 f6 27. exf6
Bxf6 28. Bd4 Qf5 29. Rd1 Qe4 30. Bxf6 Rxf6 31. Qd4 Qxd4+ 32. Rxd4 Rb6 33. Rd2
Kf7 34. Kf2 Rb3 35. Rxd5 Rxb2+ 36. Kf3 Ke6 37. Rc5 Rc2 38. g4 Kd6 39. Rc8 Kd5
40. f5 gxf5 41. gxf5 Rxh2 42. Kf4 Rf2+ 43. Kg5 Kd4 44. Rd8+ Ke3 45. f6 c3 0-1

[Event "Ct. Girona indiv. Absolut"]
[Site "?"]
[Date "2011.11.13"]
[Round "6"]
[White "Caballero Maytin, J."]
[Black "Iglesias Santos, R."]
[Result "1/2-1/2"]
[WhiteElo "2003"]
[BlackElo "1616"]
[PlyCount "84"]
[EventDate "2011.??.??"]
[EventType "swiss"]

1. d4 Nf6 2. c4 e6 3. g3 Bb4+ 4. Bd2 Be7 5. Bg2 O-O 6. e4 d5 7. e5 Ne4 8. Ne2
c5 9. Bxe4 dxe4 10. Be3 Nc6 11. Nbc3 cxd4 12. Bxd4 Bb4 13. O-O Bxc3 14. Bxc3
Qc7 15. Qd6 Qxd6 16. exd6 e5 17. b3 Bg4 18. Rfe1 b6 19. Rad1 f6 20. Rd2 Rfd8
21. Bb2 Bxe2 22. Rexe2 f5 23. Rd5 g6 24. a3 Kf7 25. Red2 Rd7 26. Bxe5 Nxe5 27.
Rxe5 Rad8 28. c5 bxc5 29. Rxc5 Ke6 30. Ra5 Rb7 31. g4 Rxb3 32. Rdd5 fxg4 33.
Re5+ Kf6 34. Rxe4 Rxd6 35. Rxg4 Rb7 36. h4 a6 37. Rf4+ Ke6 38. h5 Rb5 39. Rxb5
axb5 40. hxg6 hxg6 41. Rf8 Ke7 42. Ra8 Rb6 1/2-1/2

[Event "Ct. Girona indiv. Absolut"]
[Site "?"]
[Date "2011.11.13"]
[Round "6"]
[White "Castrillon Otero, J."]
[Black "Garcia Castany Musellas, G."]
[Result "0-1"]
[WhiteElo "1848"]
[BlackElo "2037"]
[PlyCount "84"]
[EventDate "2011.??.??"]
[EventType "swiss"]

1. d4 d5 2. c4 e6 3. Nc3 Nf6 4. e3 Nbd7 5. Nf3 a6 6. Bd3 dxc4 7. Bxc4 b5 8. Bd3
Bb7 9. O-O c5 10. Qe2 c4 11. Bc2 b4 12. Nb1 Qc7 13. Ne5 Rc8 14. Ba4 Bd6 15. f4
O-O 16. Bd2 Be4 17. Rc1 Nb6 18. Bc2 Qb7 19. Bxe4 Qxe4 20. a3 Nfd5 21. g3 Bxe5
22. dxe5 a5 23. axb4 axb4 24. Qg2 Qd3 25. e4 Nc7 26. Qf2 Nb5 27. Bxb4 Ra8 28.
Rxa8 Rxa8 29. Qxb6 Nd4 30. Nc3 Qe3+ 31. Kg2 Qxc1 32. Qxd4 Qxb2+ 33. Ne2 Qxe2+
34. Kh3 Qd3 35. Qc5 Qf1+ 36. Kh4 Qe2 37. Qc6 Qxh2+ 38. Kg4 h5+ 39. Kf3 Qh1+ 40.
Ke3 Qg1+ 41. Kf3 Qf1+ 42. Ke3 Qd3+ 0-1

[Event "Ct. Girona indiv. Absolut"]
[Site "?"]
[Date "2011.11.13"]
[Round "6"]
[White "Huici Bentue, D."]
[Black "Colomer Camarasa, J."]
[Result "1/2-1/2"]
[WhiteElo "2070"]
[BlackElo "1921"]
[PlyCount "70"]
[EventDate "2011.??.??"]
[EventType "swiss"]

1. e4 c5 2. Ne2 Nc6 3. Nbc3 Nf6 4. g3 e6 5. Bg2 d5 6. exd5 exd5 7. d4 Be6 8.
Bg5 cxd4 9. Nxd4 Nxd4 10. Qxd4 Be7 11. Qa4+ Bd7 12. Qb3 d4 13. Ne2 Bc6 14. O-O
O-O 15. Rad1 Qa5 16. Bxf6 Ba4 17. Qxb7 Bxf6 18. Nxd4 Rab8 19. Qf3 Rxb2 20. Qa3
Qb4 21. Qxb4 Rxb4 22. Nb3 Rc4 23. Rd2 Rfc8 24. Rc1 g6 25. Bd5 Rc3 26. Kf1 Bc6
27. Bxc6 R3xc6 28. Ke2 Bb2 29. Rb1 Bc3 30. Rd7 Bf6 31. Nd4 Bxd4 32. Rxd4 Rxc2+
33. Rd2 Kg7 34. Rb7 R8c7 35. Rb3 R7c3 1/2-1/2

[Event "Ct. Girona indiv. Absolut"]
[Site "?"]
[Date "2011.11.13"]
[Round "6"]
[White "Lillo Castany, V."]
[Black "Mundet Riera, J."]
[Result "1-0"]
[WhiteElo "2286"]
[BlackElo "2136"]
[PlyCount "65"]
[EventDate "2011.??.??"]
[EventType "swiss"]

1. e4 d6 2. d4 Nf6 3. Nc3 e5 4. Nf3 Nbd7 5. Bc4 Be7 6. O-O Nb6 7. Bb3 exd4 8.
Qxd4 O-O 9. h3 a5 10. a3 a4 11. Ba2 Nfd7 12. Be3 Ra5 13. Qd2 Rh5 14. Rad1 Bf6
15. Nd4 Bxd4 16. Bxd4 Nc5 17. Qe2 Qh4 18. Qf3 Rg5 19. Be3 Rg6 20. Bxc5 dxc5 21.
Kh1 c4 22. Nd5 Nxd5 23. Rxd5 Rf6 24. Qe3 c6 25. Rd4 Rf4 26. Kg1 c5 27. Rxc4 Be6
28. g3 Qxh3 29. Qxf4 b5 30. Rxc5 Bxa2 31. Rd1 Bc4 32. Qf5 Qh6 33. Rc8 1-0

[Event "Ct. Girona indiv. Absolut"]
[Site "?"]
[Date "2011.11.13"]
[Round "6"]
[White "Mirasol Obrador, M."]
[Black "Oliva Llorens, A."]
[Result "0-1"]
[WhiteElo "1818"]
[BlackElo "1948"]
[PlyCount "108"]
[EventDate "2011.??.??"]
[EventType "swiss"]

1. d4 Nf6 2. c4 g6 3. Nc3 Bg7 4. Nf3 d6 5. e3 O-O 6. Be2 c6 7. O-O Qc7 8. Bd2
Bg4 9. Rc1 Nbd7 10. h3 Bxf3 11. Bxf3 Rac8 12. Re1 e5 13. Qc2 Qb8 14. Qb3 Rfe8
15. Rcd1 Re7 16. Qa3 Rce8 17. b4 Nb6 18. Qb3 e4 19. Be2 Kh8 20. a4 Nbd7 21. c5
a6 22. a5 d5 23. Na4 Bh6 24. Nb6 Nf8 25. g3 Ne6 26. Kg2 Qd8 27. Rh1 Ng8 28.
Rdf1 f5 29. h4 Rg7 30. Rfg1 g5 31. hxg5 Qxg5 32. Kf1 Nf6 33. Be1 Reg8 34. Qd1
Ng4 35. Bxg4 fxg4 36. Kg2 Rf8 37. Na4 Rf3 38. Rf1 Rgf7 39. Qe2 Qg6 40. Nc3 Ng5
41. Nd1 Nh3 42. Rh2 Bg5 43. Rfh1 h5 44. Kf1 Qf5 45. Rg2 h4 46. gxh4 Bxh4 47.
Rhh2 Bg5 48. Bd2 Kg7 49. Ke1 g3 50. Rxg3 Rxg3 51. fxg3 Ng1 52. Rf2 Nf3+ 53. Kf1
Qh3+ 54. Rg2 Nxd2+ 0-1

[Event "Ct. Girona indiv. Absolut"]
[Site "?"]
[Date "2011.11.13"]
[Round "6"]
[White "Pinsach Gelabert, A."]
[Black "Gallart Vila, J."]
[Result "0-1"]
[WhiteElo "1906"]
[BlackElo "1755"]
[PlyCount "56"]
[EventDate "2011.??.??"]
[EventType "swiss"]

1. e4 c5 2. Nf3 Nc6 3. d4 cxd4 4. Nxd4 Nf6 5. Nc3 g6 6. Nxc6 bxc6 7. e5 Nh5 8.
Bd3 d5 9. exd6 Qxd6 10. O-O Bg7 11. Qf3 Rb8 12. Be4 O-O 13. Bxc6 Nf6 14. h3 Rb6
15. Nd5 Rxc6 16. Nxe7+ Qxe7 17. Qxc6 Bb7 18. Qa4 Ba8 19. Be3 Nd5 20. Qxa7 Qe4
21. Bc5 Nc3 22. f3 Ne2+ 23. Kf2 Qxc2 24. Qe7 Nf4+ 25. Kg3 Qxg2+ 26. Kxf4 Bh6+
27. Ke5 Qxb2+ 28. Bd4 Qb8+ 0-1

[Event "Ct. Girona indiv. Absolut"]
[Site "?"]
[Date "2011.11.13"]
[Round "6"]
[White "Salagran Ferragut, G."]
[Black "Alejo Alvarez, R."]
[Result "1/2-1/2"]
[WhiteElo "1825"]
[BlackElo "1999"]
[PlyCount "84"]
[EventDate "2011.??.??"]
[EventType "swiss"]

1. e4 e5 2. Nf3 Nc6 3. Bb5 a6 4. Ba4 Nf6 5. d3 b5 6. Bb3 Be7 7. O-O d6 8. c3
Na5 9. Bc2 c5 10. d4 Qc7 11. h3 cxd4 12. cxd4 exd4 13. Nxd4 O-O 14. Nc3 Nc6 15.
a3 Nxd4 16. Qxd4 Be6 17. Be3 Nd7 18. Rfd1 Rfd8 19. Rac1 Nc5 20. f4 Rac8 21. b4
Bf6 22. e5 Nb3 23. Qe4 Qxc3 24. exf6 g6 25. Bxb3 Qxb3 26. Qd3 Qb2 27. Rxc8 Bxc8
28. Bd4 Qa2 29. Rc1 Bb7 30. Rc2 Qb1+ 31. Kh2 Re8 32. Re2 Rxe2 33. Qxe2 Qe4 34.
Qxe4 Bxe4 35. g4 Kf8 36. Kg3 Ke8 37. Kf2 Kd7 38. Ke3 Bg2 39. h4 Bh3 40. g5 Ke6
41. Bb6 Kd5 42. Bc7 Bf5 1/2-1/2

[Event "Ct. Girona indiv. Absolut"]
[Site "?"]
[Date "2011.11.13"]
[Round "6"]
[White "Triadu Cassa, J."]
[Black "Vidal Zamora, A."]
[Result "0-1"]
[WhiteElo "2111"]
[BlackElo "2137"]
[PlyCount "68"]
[EventDate "2011.??.??"]
[EventType "swiss"]

1. e4 c5 2. Nf3 e6 3. d4 cxd4 4. Nxd4 Nc6 5. Nc3 Qc7 6. Be3 Nf6 7. Bd3 a6 8.
O-O Ne5 9. Be2 Nc4 10. Bxc4 Qxc4 11. e5 Nd5 12. Nxd5 Qxd5 13. f4 d6 14. exd6
Qxd6 15. Qf3 Be7 16. Nb3 O-O 17. Bd4 Re8 18. Rad1 Qc7 19. Be5 Qxc2 20. Rd3 Qc4
21. Re1 Qb5 22. Qg4 f6 23. Rg3 g6 24. Bc3 e5 25. Qf3 Be6 26. f5 e4 27. Qxe4
Bxb3 28. Qh4 Bf7 29. Rh3 h5 30. fxg6 Bxg6 31. Rg3 Kh7 32. a4 Qf5 33. Rf1 Bc5+
34. Bd4 Re4 0-1

[Event "Ct. Girona indiv. Absolut"]
[Site "?"]
[Date "2011.11.13"]
[Round "6"]
[White "Vilanova Olmedo, I."]
[Black "Colls Bosch, E."]
[Result "0-1"]
[WhiteElo "1730"]
[BlackElo "2063"]
[PlyCount "36"]
[EventDate "2011.??.??"]
[EventType "swiss"]

1. e4 Nf6 2. e5 Nd5 3. d4 d6 4. c4 Nb6 5. exd6 exd6 6. Nc3 Nc6 7. Be3 Be7 8.
Be2 O-O 9. Nf3 Bf6 10. O-O Bg4 11. Rc1 Bxf3 12. gxf3 d5 13. c5 Nc8 14. a3 N8e7
15. Bd3 Qd7 16. b4 Nf5 17. b5 Nh4 18. Nxd5 Qh3 0-1

[Event "Ct. Girona indiv. Absolut"]
[Site "?"]
[Date "2011.11.13"]
[Round "6"]
[White "Volkov, V."]
[Black "Colls Gelaberto, E."]
[Result "0-1"]
[WhiteElo "1790"]
[BlackElo "2184"]
[PlyCount "76"]
[EventDate "2011.??.??"]
[EventType "swiss"]

1. c4 Nf6 2. Nc3 g6 3. g3 Bg7 4. Bg2 O-O 5. Nf3 d6 6. O-O c6 7. d3 Nbd7 8. Rb1
a5 9. Bg5 h6 10. Bxf6 Nxf6 11. Qb3 Rb8 12. Nd4 Nd7 13. e3 e5 14. Nde2 Nc5 15.
Qc2 Be6 16. b4 axb4 17. Rxb4 Qe7 18. d4 exd4 19. Nxd4 Na6 20. Ra4 Bd7 21. Nxc6
Bxc6 22. Bxc6 Nc5 23. Ra7 Qe5 24. Bd5 Qxc3 25. Qxg6 Qe5 26. Qb1 b5 27. Qc2 Qc3
28. Qg6 Qf6 29. Qc2 bxc4 30. Qxc4 Rbe8 31. Rb1 Re7 32. Ra5 Qc3 33. Qb5 Re5 34.
Qc6 Qxa5 35. Qxd6 Ne4 36. Bxf7+ Rxf7 37. Rb8+ Kh7 38. Qd3 Qe1+ 0-1

[Event "Ct. Girona indiv. Absolut"]
[Site "?"]
[Date "2011.11.20"]
[Round "7"]
[White "Alejo Alvarez, R."]
[Black "Cano Egea, G."]
[Result "0-1"]
[WhiteElo "1999"]
[BlackElo "1845"]
[PlyCount "70"]
[EventDate "2011.??.??"]
[EventType "swiss"]

1. d4 d5 2. c4 e6 3. Nc3 Nf6 4. Nf3 c5 5. e3 Nc6 6. Bd3 Be7 7. O-O O-O 8. b3 b6
9. Bb2 cxd4 10. exd4 Bb7 11. cxd5 Nxd5 12. Rc1 Ncb4 13. Bb1 Nxc3 14. Bxc3 Nd5
15. Qd3 g6 16. Bd2 a5 17. Ne5 Ba6 18. Nc4 Bg5 19. f4 Bf6 20. Rfd1 Qb8 21. g3
Rd8 22. Be3 Ra7 23. Qe2 Rad7 24. Bd3 Nxe3 25. Nxe3 Bxd4 26. Bxa6 Bxe3+ 27. Qxe3
Rxd1+ 28. Rxd1 Rxd1+ 29. Kf2 Qd6 30. Be2 Rd2 31. a4 Qd4 32. Qxd4 Rxd4 33. Ke3
Rd6 34. Ke4 Rd2 35. Ke3 Rb2 0-1

[Event "Ct. Girona indiv. Absolut"]
[Site "?"]
[Date "2011.11.20"]
[Round "7"]
[White "Colls Bosch, E."]
[Black "Salagran Ferragut, G."]
[Result "0-1"]
[WhiteElo "2063"]
[BlackElo "1825"]
[PlyCount "80"]
[EventDate "2011.??.??"]
[EventType "swiss"]

1. d4 Nf6 2. Nf3 c5 3. d5 g6 4. c4 b5 5. cxb5 a6 6. b6 Qxb6 7. Nc3 d6 8. Nd2
Bg7 9. e4 O-O 10. Be2 Bd7 11. O-O Bb5 12. a4 Bxe2 13. Qxe2 Nbd7 14. Nc4 Qb4 15.
a5 Ne8 16. Ra4 Qb7 17. Bg5 Nef6 18. Ra3 h6 19. Bh4 Rab8 20. Na4 Rfe8 21. Bg3
Nh5 22. Nab6 Qa7 23. Bh4 Ne5 24. Nxe5 Bxe5 25. Qd2 Bg7 26. f4 Nf6 27. Re1 Nd7
28. Nc4 Rb4 29. Rc1 Qb7 30. Rc2 Qb5 31. Rg3 Rxc4 32. e5 Rxc2 33. Qxc2 dxe5 34.
f5 g5 35. Bxg5 hxg5 36. Rxg5 Qxa5 37. Qc1 Qb6 38. Qd1 Qh6 39. Rh5 Qe3+ 40. Kh1
Nf6 0-1

[Event "Ct. Girona indiv. Absolut"]
[Site "?"]
[Date "2011.11.20"]
[Round "7"]
[White "Colls Gelaberto, E."]
[Black "Castrillon Otero, J."]
[Result "0-1"]
[WhiteElo "2184"]
[BlackElo "1848"]
[PlyCount "112"]
[EventDate "2011.??.??"]
[EventType "swiss"]

1. c4 Nf6 2. d4 c6 3. Nc3 d5 4. e3 Bf5 5. cxd5 Nxd5 6. Qb3 Nxc3 7. Qxb7 Nd5 8.
Qxa8 Qb6 9. a4 Nc7 10. a5 Qb4+ 11. Bd2 Qxb2 12. Qxa7 Qxa1+ 13. Ke2 Nca6 14. Nf3
Qb1 15. Ne5 f6 16. g4 Be6 17. Bg2 Qb5+ 18. Nd3 Bc4 19. Be4 e5 20. Rc1 Ba3 21.
Rc3 Bb2 22. Rxc4 Qxc4 23. Qb7 O-O 24. Qxb2 exd4 25. Qxd4 Qe6 26. Bf5 Qe7 27.
Nf4 Kh8 28. Qc4 Rd8 29. Qc2 Qd6 30. Bxh7 Qxd2+ 31. Qxd2 Rxd2+ 32. Kxd2 Kxh7 33.
Kd3 Nd7 34. Kd4 Ndc5 35. Kc4 Nb7 36. Ne6 Nxa5+ 37. Kd4 Nb3+ 38. Kc4 Nd2+ 39.
Kd3 Nf3 40. h3 Ng5 41. Nxg5+ fxg5 42. Ke4 Kg6 43. Ke5 Kf7 44. Kd6 c5 45. Kd5
Ke7 46. f4 gxf4 47. exf4 Nc7+ 48. Ke4 c4 49. f5 c3 50. Kd3 Nd5 51. h4 Kf6 52.
Kc2 Ne3+ 53. Kxc3 Nxg4 54. Kd3 Kxf5 55. Ke2 Kf4 56. Kf1 Nh6 0-1

[Event "Ct. Girona indiv. Absolut"]
[Site "?"]
[Date "2011.11.20"]
[Round "7"]
[White "Colomer Camarasa, J."]
[Black "Iglesias Santos, D."]
[Result "1/2-1/2"]
[WhiteElo "1921"]
[BlackElo "1691"]
[PlyCount "72"]
[EventDate "2011.??.??"]
[EventType "swiss"]

1. c4 c6 2. Nc3 d5 3. e3 Nf6 4. Qc2 e5 5. cxd5 cxd5 6. d4 e4 7. Nge2 Bd6 8. Nf4
Bxf4 9. exf4 Nc6 10. Be3 O-O 11. h3 h5 12. Be2 Qe7 13. O-O Rd8 14. Rac1 Bf5 15.
Na4 Qb4 16. a3 Nxd4 17. axb4 Nxc2 18. Rxc2 d4 19. Rd1 dxe3 20. Rxd8+ Rxd8 21.
fxe3 Nd5 22. Rd2 Kh7 23. Bc4 b5 24. Bxb5 Be6 25. Bc4 Nxe3 26. Rxd8 Bxc4 27. Nc3
Bd3 28. Rd7 Nc2 29. Rxf7 e3 30. Rd7 Bc4 31. Re7 a6 32. g3 Kg6 33. b3 Bxb3 34.
Kg2 Bc4 35. Re5 Ne1+ 36. Kh1 Nc2 1/2-1/2

[Event "Ct. Girona indiv. Absolut"]
[Site "?"]
[Date "2011.11.20"]
[Round "7"]
[White "Gallart Vila, J."]
[Black "Mundet Riera, J."]
[Result "0-1"]
[WhiteElo "1755"]
[BlackElo "2136"]
[PlyCount "100"]
[EventDate "2011.??.??"]
[EventType "swiss"]

1. e4 d6 2. Nf3 Nf6 3. Nc3 e5 4. Bc4 Be7 5. d4 Nbd7 6. Bxf7+ Kxf7 7. Ng5+ Kg8
8. Ne6 Qe8 9. Nxc7 Qg6 10. Qf3 exd4 11. N3d5 Nxd5 12. Nxd5 Qf7 13. Bf4 Nf6 14.
Nc7 Bg4 15. Qd3 Rc8 16. Nb5 d5 17. Nxd4 Nxe4 18. Be3 Nc5 19. Qd2 Ne4 20. Qd3
Bb4+ 21. c3 Nxc3 22. O-O Nd1 23. Rc1 Rxc1 24. Bxc1 Be1 25. f3 Bf2+ 26. Kh1 Bd7
27. Qxd1 Bh4 28. Qb3 b6 29. Bd2 h6 30. Nb5 Bxb5 31. Qxb5 Kh7 32. Qd3+ g6 33.
Rc1 Re8 34. Bc3 Bf2 35. Rd1 Rd8 36. Qe2 Bc5 37. Qe5 d4 38. Bd2 Re8 39. Qg3 a5
40. a3 a4 41. Qh4 h5 42. Qg5 Re2 43. Qh6+ Kg8 44. Qg5 Qe6 45. h3 Be7 46. Qf4
Bc5 47. Qb8+ Qe8 48. Qb7 Rxd2 49. Qd5+ Kg7 50. Qb7+ Kh6 0-1